Statistics for League of Legends Champions

Click here to take the quiz!

General Stats

  • This quiz has been taken 7,765 times
    (2,711 since last reset)
  • The average score is 99 of 146

Answer Stats

Date Champion Alias Region % Correct
2009-02-21Ashethe Frost ArcherFreljord
95%
2009-02-21Anniethe Dark ChildRuneterra
90%
2010-04-27GarenThe Might of DemaciaDemacia
89%
2009-02-21Alistarthe MinotaurRuneterra
89%
2009-02-21Master Yithe Wuju BladesmanIonia
88%
2009-02-21Nunu & Willumpthe Yeti RiderFreljord
87%
2012-05-23Dariusthe Hand of NoxusNoxus
86%
2009-06-26Amumuthe Sad MummyShurima
85%
2009-02-21Twisted Fatethe Card MasterBilgewater
85%
2009-02-21Teemothe Swift ScoutBandle City
83%
2009-05-01Twitchthe Plague RatZaun
83%
2012-11-13Zedthe Master of ShadowsIonia
83%
2009-02-21Tristanathe Yordle GunnerBandle City
83%
2010-10-19Luxthe Lady of LuminosityDemacia
83%
2011-04-01Lee Sinthe Blind MonkIonia
82%
2011-01-04Caitlynthe Sheriff of PiltoverPiltover
81%
2009-02-21MorganaFallen AngelDemacia
81%
2013-12-13Yasuothe UnforgivenIonia
80%
2011-12-14Ahrithe Nine-Tailed FoxIonia
80%
2009-02-21Kaylethe JudicatorDemacia
79%
2012-12-19Vithe Piltover EnforcerPiltover
78%
2009-09-02Blitzcrankthe Great Steam GolemZaun
78%
2015-05-28Ekkothe Boy Who Shattered TimeZaun
77%
2011-07-26Wukongthe Monkey KingIonia
77%
2009-07-10Aniviathe CryophoenixFreljord
77%
2013-06-13Aatroxthe Darkin BladeRuneterra
77%
2009-04-18Zileanthe ChronokeeperPiltover
77%
2012-10-26Elisethe Spider QueenShadow Isles
77%
2009-04-18Singedthe Mad ChemistZaun
77%
2014-09-16Azirthe Emperor of the SandsShurima
76%
2010-09-08Miss Fortunethe Bounty HunterBilgewater
75%
2012-06-06Draventhe Glorious ExecutionerNoxus
75%
2010-03-16Ezrealthe Prodigal ExplorerPiltover
75%
2018-03-07Kai’SaDaughter of the VoidVoid
74%
2009-09-19Katarinathe Sinister BladeNoxus
74%
2009-08-19Gangplankthe Saltwater ScourgeBilgewater
73%
2013-01-23Threshthe Chain WardenShadow Isles
73%
2012-02-01Ziggsthe Hexplosives ExpertZaun
73%
2009-05-01Tryndamerethe Barbarian KingFreljord
73%
2010-11-16Ireliathe Will of the BladesIonia
73%
2009-07-24Veigarthe Tiny Master of EvilBandle City
73%
2019-05-14Yuumithe Magical CatBandle City
73%
2009-02-21Warwickthe Blood HunterZaun
72%
2013-10-10Jinxthe Loose CannonZaun
72%
2009-10-10Heimerdingerthe Revered InventorPiltover
72%
2009-08-19Taricthe Gem KnightMt. Targon
72%
2009-02-21Ryzethe Rogue MageRuneterra
72%
2012-02-14Nautilusthe Titan of the DepthsBilgewater
72%
2014-02-27Vel'Kozthe Eye of the VoidVoid
71%
2011-11-01Shyvanathe Half-DragonDemacia
71%
2010-12-01Trundlethe Troll KingFreljord
71%
2012-09-27Kha'Zixthe VoidreaverVoid
71%
2013-08-22Lucianthe PurifierDemacia
71%
2019-11-10Sennathe RedeemerRuneterra
71%
2016-02-01Jhinthe VirtuosoIonia
71%
2011-03-15Nocturnethe Eternal NightmareRuneterra
70%
2010-06-09Olafthe BerserkerFreljord
70%
2012-02-29Fiorathe Grand DuelistDemacia
70%
2012-08-07DianaScorn of the MoonMt. Targon
70%
2012-08-21Rengarthe PridestalkerIxtal
70%
2011-07-13Leonathe Radiant DawnMt. Targon
69%
2013-04-30Lissandrathe Ice WitchFreljord
69%
2009-08-07Kassadinthe Void WalkerVoid
69%
2009-10-01Nasusthe Curator of the SandsShurima
69%
2014-12-11Rek'Saithe Void BurrowerVoid
69%
2009-02-21JaxGrandmaster at ArmsRuneterra
69%
2010-05-11Akalithe Fist of ShadowIonia
69%
2018-12-05Neekothe Curious ChameleonIxtal
68%
2011-04-12Brandthe Burning VengeanceRuneterra
68%
2010-01-13PoppyKeeper of the HammerDemacia
68%
2009-07-10Rammusthe ArmordilloShurima
68%
2018-05-31Pykethe Bloodharbor RipperBilgewater
68%
2009-02-21Sionthe Undead JuggernautNoxus
68%
2017-04-19Xayahthe RebelIonia
67%
2017-04-19Rakanthe CharmerIonia
67%
2011-06-22Yorickthe GravediggerShadow Isles
67%
2011-01-18Renektonthe Butcher of the SandsShurima
67%
2014-05-12Braumthe Heart of the FreljordFreljord
67%
2012-12-07Namithe TidecallerRuneterra
66%
2011-11-29Volibearthe Thunder's RoarFreljord
66%
2016-03-24Aurelion Solthe Star ForgerMt. Targon
66%
2009-10-10Shacothe Demon JesterRuneterra
66%
2010-02-24Mordekaiserthe Iron RevenantShadow Isles
66%
2019-01-25Sylasthe UnshackledDemacia
66%
2016-10-05Ivernthe Green FatherIonia
66%
2009-06-26Cho'Gaththe Terror of the VoidVoid
66%
2017-08-23Ornnthe Fire Below The MountainFreljord
66%
2009-02-21Sorakathe StarchildMt. Targon
66%
2012-01-17Sejuanithe Winter's WrathFreljord
65%
2017-07-12Kaynthe Shadow ReaperIonia
65%
2009-09-02MalphiteShard of the MonolithIxtal
65%
2009-09-02Jannathe Storm's FuryZaun
65%
2010-12-14Cassiopeiathe Serpent's EmbraceNoxus
64%
2011-09-14Riventhe ExileNoxus
64%
2009-02-21Sivirthe Battle MistressShurima
64%
2012-07-24ZyraRise of the ThornsIxtal
63%
2011-05-10Vaynethe Night HunterDemacia
63%
2011-02-16Maokaithe Twisted TreantShadow Isles
63%
2015-11-24Illaoithe Kraken PriestessBilgewater
63%
2011-08-24Talonthe Blade's ShadowNoxus
63%
2012-03-20Luluthe Fae SorceressBandle City
63%
2015-07-09Tahm Kenchthe River KingRuneterra
63%
2017-11-21Zoethe Aspect of TwilightMt. Targon
62%
2009-06-12Karthusthe DeathsingerShadow Isles
62%
2010-10-05Swainthe Master TacticianNoxus
62%
2011-04-26Rumblethe Mechanized MenaceBandle City
62%
2011-10-19Gravesthe OutlawBilgewater
62%
2011-11-15Fizzthe Tidal TricksterBilgewater
62%
2011-03-01Jarvan IVthe Exemplar of DemaciaDemacia
61%
2019-06-28Qiyanathe Empress of ElementsIxtal
61%
2011-10-05Xeraththe Magus AscendantShurima
61%
2009-12-17Nidaleethe Bestial HuntressIxtal
60%
2010-02-02Pantheonthe Artisan of WarMt. Targon
60%
2010-09-21SonaMaven of the StringsDemacia
60%
2010-03-24Shenthe Eye of TwilightIonia
59%
2010-06-01Malzaharthe Prophet of the VoidVoid
59%
2012-05-08Varusthe Arrow of RetributionIonia
59%
2013-03-29Zacthe Secret WeaponZaun
59%
2015-03-12Bardthe Wandering CaretakerRuneterra
58%
2014-11-20Kalistathe Spear of VengeanceShadow Isles
58%
2010-07-27Vladimirthe Crimson ReaperNoxus
58%
2009-09-02Dr. Mundothe Madman of ZaunZaun
57%
2011-06-01Oriannathe Lady of ClockworkPiltover
57%
2010-08-24Urgotthe Headsman's PrideZaun
57%
2010-08-10Galiothe Sentinel's SorrowDemacia
57%
2016-05-18Taliyahthe StoneweaverShurima
56%
2011-08-09Skarnerthe Crystal VanguardShurima
56%
2012-07-07Jaycethe Defender of TomorrowPiltover
56%
2012-04-18Hecarimthe Shadow of WarShadow Isles
56%
2010-11-02LeBlancthe DeceiverNoxus
55%
2014-08-14Gnarthe Missing LinkFreljord
55%
2015-10-14KindredThe Eternal HuntersRuneterra
54%
2010-04-08Kennenthe Heart of the TempestIonia
54%
2009-05-01Evelynnthe WidowmakerRuneterra
54%
2011-12-29Viktorthe Machine HeraldZaun
54%
2009-02-21Fiddlesticksthe Harbinger of DoomRuneterra
54%
2016-08-10Kledthe Cantankerous CavalierNoxus
54%
2013-03-01QuinnDemacia's WingsDemacia
53%
2009-09-19Corkithe Daring BombardierBandle City
53%
2010-06-24Kog'Mawthe Mouth of the AbyssVoid
53%
2011-02-01Karmathe Enlightened OneIonia
52%
2012-09-13Syndrathe Dark SovereignIonia
52%
2010-07-13Xin Zhaothe Seneschal of DemaciaDemacia
51%
2016-12-07Camillethe Steel ShadowPiltover
49%
2009-12-02Udyrthe Spirit WalkerFreljord
49%
2010-02-02Gragasthe Rabble RouserFreljord
47%

Score Distribution

Percentile by Number Answered

Percent of People with Each Score

Your Score History

You have not taken this quiz since the last reset